Проектирование автоматизированной установки для очистки углеводородов; Проблемы геологии и освоения недр; Т. 2

Xehetasun bibliografikoak
Parent link:Проблемы геологии и освоения недр: труды XXII Международного симпозиума имени академика М. А. Усова студентов и молодых ученых, посвященного 155-летию со дня рождения академика В.А. Обручева, 135-летию со дня рождения академика М.А. Усова, основателей Сибирской горно-геологической школы, и 110-летию первого выпуска горных инженеров в Сибири, Томск, 2-7 апреля 2018 г./ Национальный исследовательский Томский политехнический университет, Инженерная школа природных ресурсов ; под ред. А. С. Боева.— , 2018
Т. 2.— 2018.— [С. 640-641]
Egile nagusia: Юркин А. А.
Erakunde egilea: Национальный исследовательский Томский политехнический университет Инженерная школа природных ресурсов Отделение нефтегазового дела
Beste egile batzuk: Чухарева Н. В. Наталья Вячеславовна (научный руководитель), Рудаченко А. В. Александр Валентинович
Gaia:Заглавие с экрана
Hizkuntza:errusiera
Argitaratua: 2018
Saila:Современные техника и технологии транспортировки и хранения нефти и газа
Gaiak:
Sarrera elektronikoa:http://earchive.tpu.ru/handle/11683/51172
Formatua: MixedMaterials Baliabide elektronikoa Liburu kapitulua
KOHA link:https://koha.lib.tpu.ru/cgi-bin/koha/opac-detail.pl?biblionumber=628090

MARC

LEADER 00000naa2a2200000 4500
001 628090
005 20231101133508.0
035 |a (RuTPU)RU\TPU\conf\28194 
035 |a RU\TPU\conf\28189 
090 |a 628090 
100 |a 20181012d2018 k y0rusy50 ca 
101 0 |a rus 
102 |a RU 
105 |a y z 100zy 
135 |a drgn ---uucaa 
181 0 |a i  
182 0 |a b 
200 1 |a Проектирование автоматизированной установки для очистки углеводородов  |f А. А. Юркин  |g науч. рук. Н. В. Чухарева, А. В. Рудаченко 
203 |a Текст  |c электронный 
225 1 |a Современные техника и технологии транспортировки и хранения нефти и газа 
230 |a 1 компьютерный файл (pdf; 778 Kb) 
300 |a Заглавие с экрана 
320 |a [Библиогр.: с. 641 (5 назв.)] 
461 1 |0 (RuTPU)RU\TPU\conf\27247  |t Проблемы геологии и освоения недр  |o труды XXII Международного симпозиума имени академика М. А. Усова студентов и молодых ученых, посвященного 155-летию со дня рождения академика В.А. Обручева, 135-летию со дня рождения академика М.А. Усова, основателей Сибирской горно-геологической школы, и 110-летию первого выпуска горных инженеров в Сибири, Томск, 2-7 апреля 2018 г.  |o в 2 т.  |f Национальный исследовательский Томский политехнический университет, Инженерная школа природных ресурсов ; под ред. А. С. Боева  |d 2018 
463 1 |0 (RuTPU)RU\TPU\conf\27249  |t Т. 2  |v [С. 640-641]  |d 2018 
610 1 |a труды учёных ТПУ 
610 1 |a электронный ресурс 
610 1 |a проектирование 
610 1 |a автоматизированные установки 
610 1 |a очистка 
610 1 |a углеводороды 
610 1 |a ресурсоэффективные технологии 
610 1 |a разливы нефти 
610 1 |a утилизация 
700 1 |a Юркин  |b А. А. 
702 1 |a Чухарева  |b Н. В.  |c специалист в области нефтегазового дела  |c доцент Томского политехнического университета, кандидат химических наук  |f 1967-  |g Наталья Вячеславовна  |2 stltpush  |4 727 
702 1 |a Рудаченко  |b А. В.  |c специалист в области нефтегазового дела  |c доцент Томского политехнического университета, кандидат технических наук  |f 1949-  |g Александр Валентинович  |2 stltpush  |4 727 
712 0 2 |a Национальный исследовательский Томский политехнический университет  |b Инженерная школа природных ресурсов  |b Отделение нефтегазового дела  |h 8084  |2 stltpush  |3 (RuTPU)RU\TPU\col\23546 
801 2 |a RU  |b 63413507  |c 20181025  |g RCR 
856 4 |u http://earchive.tpu.ru/handle/11683/51172 
942 |c BK